000
00256 a2200109 4500
020
_a
9781728491820
041
_a
spa
100
_a
Hill, Christina
245
_a
La verdadera cicencia de la supervelocidad y la super fuerza
942
_c
BK
999
_c
29936
_d
29934
999
_d
29934